000 00439nam a2200181Ia 4500
001 13130
005 20260306163031.0
008 260306t2015||||xx |||||||||||||| ||spa||
041 _aESP
082 _aRT 262.52
_bM41
100 _aMelloni, Alberto
_eAUT
245 0 _aAtlas histórico del concilio vaticano II
260 _c2015
300 _a280 páginas :
_c32 cm.
650 _aGEN
654 _aCHU
942 _cLIB
_dJUS
_fJUS
_2ddc
_n
999 _c13130
_d13130